Роль самостоятельной познавательной деятельности студентов аграрного профиля при проведении лабораторно-исследовательских работ по химии; Модернизация аграрного образования: технологический аспект

书目详细资料
Parent link:Модернизация аграрного образования: технологический аспект.— 2013.— [С. 56-58]
主要作者: Малиновская В. А. Виктория Александровна
其他作者: Чешкова Т. В.
总结:Заглавие с экрана
В данной работе обсуждаются основные моменты организации и проведения самостоятельной работы студентов при проведении лабораторно-исследовательских работ по химии. Причем, при организации самостоятельной работы особое внимание уделено повышению познавательной активности студентов в процессе их обучения химии.
In this work highlights of the organization and carrying out independent work of students when carrying out laboratory and research works on chemistry are discussed. And, at the organization of independent work the special attention is paid to increase of informative activity of students in the course of their training of chemistry.
语言:俄语
出版: 2013
主题:
在线阅读:http://tshi.tomsk.ru/images/stories/nauka/sbornik_29.10.pdf#page=57
格式: MixedMaterials 电子 本书章节
KOHA link:https://koha.lib.tpu.ru/cgi-bin/koha/opac-detail.pl?biblionumber=638138

MARC

LEADER 00000naa0a2200000 4500
001 638138
005 20250528152437.0
035 |a (RuTPU)RU\TPU\network\2371 
035 |a RU\TPU\network\2238 
090 |a 638138 
100 |a 20141210d2013 k||y0rusy50 ca 
101 0 |a rus 
102 |a RU 
135 |a drcn ---uucaa 
181 0 |a i  
182 0 |a b 
200 1 |a Роль самостоятельной познавательной деятельности студентов аграрного профиля при проведении лабораторно-исследовательских работ по химии  |f В. А. Малиновская, Т. В. Чешкова 
203 |a Текст  |c электронный 
300 |a Заглавие с экрана 
330 |a В данной работе обсуждаются основные моменты организации и проведения самостоятельной работы студентов при проведении лабораторно-исследовательских работ по химии. Причем, при организации самостоятельной работы особое внимание уделено повышению познавательной активности студентов в процессе их обучения химии. 
330 |a In this work highlights of the organization and carrying out independent work of students when carrying out laboratory and research works on chemistry are discussed. And, at the organization of independent work the special attention is paid to increase of informative activity of students in the course of their training of chemistry. 
463 |t Модернизация аграрного образования: технологический аспект  |o сборник научных трудов по материалам Международной научно-практической конференции, посвященной 20-летию Томского сельскохозяйственного института - филиала ФГБОУ ВПО "Новосибирский государственный аграрный университет", 29-30 октября 2013 г., г. Томск  |v [С. 56-58]  |d 2013 
610 1 |a электронный ресурс 
610 1 |a труды учёных ТПУ 
610 1 |a самостоятельная работа 
610 1 |a химия 
610 1 |a лабораторные работы 
610 1 |a исследовательские работы 
700 1 |a Малиновская  |b В. А.  |c специалист в области организации высшего профессионального образования  |c доцент Томского политехнического университета, кандидат технических наук  |f 1974-  |g Виктория Александровна  |3 (RuTPU)RU\TPU\pers\32957 
701 1 |a Чешкова  |b Т. В. 
801 2 |a RU  |b 63413507  |c 20141211  |g RCR 
850 |a 63413507 
856 4 |u http://tshi.tomsk.ru/images/stories/nauka/sbornik_29.10.pdf#page=57 
942 |c CF